[Event "V. Solinger Karnevals-Open"]
[Site "Solingen"]
[Date "2014.02.28"]
[Round "1.28"]
[White "Roth, Jan Paul"]
[Black "Hoffmann, Philipp"]
[Result "1/2-1/2"]
[WhiteElo "1432"]
[BlackElo "1914"]
[PlyCount "69"]
[EventDate "2014.??.??"]
[WhiteTeam "OSC Rheinhausen 04 e.V."]
[BlackTeam "Schach Nienberge 2003"]

1. d4 Nf6 2. Nf3 c5 3. d5 b5 4. e3 a6 5. c4 d6 6. cxb5 g6 7. Nc3 Bg7 8. Bd2 O-O
9. a4 Bb7 10. Qb3 Nbd7 11. bxa6 Bxa6 12. Bxa6 Rxa6 13. O-O Qa8 14. e4 Rb8 15.
Qc2 Rab6 16. Nb5 Ng4 17. h3 Nge5 18. Nxe5 Nxe5 19. Rab1 R8b7 20. b3 Ra6 21. f4
Nd7 22. Rf3 Nb6 23. Bc3 Bxc3 24. Rxc3 c4 25. Rxc4 Nxc4 26. Qxc4 Rab6 27. Rc1
Rb8 28. Qc7 R6b7 29. Qc6 Qa5 30. e5 dxe5 31. fxe5 Qd2 32. d6 exd6 33. exd6 Qe3+
34. Kh1 h5 35. Rc3 1/2-1/2

[Event "V. Solinger Karnevals-Open"]
[Site "Solingen"]
[Date "2014.02.28"]
[Round "1.29"]
[White "Vishanji, Adrian"]
[Black "Barche, Robert"]
[Result "1/2-1/2"]
[WhiteElo "1905"]
[BlackElo "1370"]
[PlyCount "129"]
[EventDate "2014.??.??"]
[WhiteTeam "SV Turm Drolshagen 04"]
[BlackTeam "SG Solingen e.V."]

1. e4 e6 2. d4 d5 3. Nc3 Nf6 4. e5 Nfd7 5. f4 c5 6. Nf3 Nc6 7. Be3 Qb6 8. Na4
Qa5+ 9. c3 c4 10. b4 Nxb4 11. cxb4 Bxb4+ 12. Kf2 b5 13. a3 Be7 14. Nc5 Nxc5 15.
dxc5 Qc7 16. Qd4 Bd7 17. Be2 O-O 18. Rhd1 Rfc8 19. Qc3 Bxc5 20. Nd4 Qb6 21.
Rab1 a5 22. Nxb5 Bxb5 23. a4 Bxe3+ 24. Kf3 d4 25. Qa3 Qc6+ 26. Kg3 Qe4 27. axb5
Qxf4+ 28. Kh3 g5 29. g3 Qxe5 30. b6 Rcb8 31. Rf1 d3 32. Bf3 g4+ 33. Bxg4 Rxb6
34. Qe7 Qg7 35. Rxb6 Bxb6 36. Qb7 Ra7 37. Qxb6 Rd7 38. Qc6 Qd4 39. Rf4 Qd5 40.
Rxc4 Qxc6 41. Rxc6 d2 42. Bd1 Rb7 43. Rc2 Rd7 44. Kg2 e5 45. Kf2 Kg7 46. Ke2
Kg6 47. Rxd2 Rxd2+ 48. Kxd2 Kg5 49. Ke3 f5 50. h4+ Kg6 51. Bc2 Kf6 52. g4 fxg4
53. Bxh7 a4 54. Kf2 a3 55. Bb1 e4 56. Ke3 g3 57. Ba2 Kf5 58. h5 Kg5 59. Bf7 Kf6
60. Bd5 Kg7 61. Ba2 Kh6 62. Bf7 Kg5 63. Ke2 a2 64. Bxa2 Kxh5 65. Bd5 1/2-1/2

[Event "V. Solinger Karnevals-Open"]
[Site "Solingen"]
[Date "2014.02.28"]
[Round "1.30"]
[White "Ehringfeld, Michael"]
[Black "Bigott, Martin"]
[Result "0-1"]
[WhiteElo "1364"]
[BlackElo "1890"]
[PlyCount "97"]
[EventDate "2014.??.??"]
[WhiteTeam "SG Solingen e.V."]
[BlackTeam "SF Lohmar 1974 e.V."]

1. d4 Nf6 2. Nf3 g6 3. Bg5 Bg7 4. Nbd2 d5 5. e3 O-O 6. Be2 Nbd7 7. c3 b6 8. Qc2
Bb7 9. Rc1 c5 10. O-O a6 11. Rfd1 c4 12. Bxf6 Nxf6 13. Ne5 b5 14. b3 Qc7 15.
bxc4 bxc4 16. Rb1 Nd7 17. Nxd7 Qxd7 18. Bf3 Bc6 19. Re1 f5 20. Be2 Qc7 21. Nf3
h6 22. Rb2 Rab8 23. Reb1 Rb5 24. Rxb5 axb5 25. h4 e6 26. Nh2 Bf6 27. g3 Ra8 28.
f4 Ra3 29. h5 Qa5 30. hxg6 Qxc3 31. Qxc3 Rxc3 32. Kf2 Rc2 33. Ra1 b4 34. Ke1
Ba4 35. Rb1 Be7 36. Nf3 Rxa2 37. Ne5 b3 38. Kf2 c3 39. Rh1 Bb5 40. Nf7 Rxe2+
41. Kf3 Bf8 42. Rc1 c2 43. Ra1 Rh2 44. g4 b2 45. Ra8 c1=Q 46. Nxh6+ Rxh6 47.
Rxf8+ Kxf8 48. g7+ Kxg7 49. gxf5 0-1

[Event "V. Solinger Karnevals-Open"]
[Site "Solingen"]
[Date "2014.02.28"]
[Round "1.31"]
[White "Gebben, Alwin"]
[Black "Fodor, Bernhard"]
[Result "1-0"]
[WhiteElo "1889"]
[BlackElo "1363"]
[PlyCount "103"]
[EventDate "2014.??.??"]
[WhiteTeam "SK Nordhorn-Blanke"]
[BlackTeam "SG Solingen e.V."]

1. e4 c5 2. c3 Nf6 3. e5 Nd5 4. Nf3 e6 5. Bc4 Ne7 6. d4 Ng6 7. O-O a6 8. Be3 b6
9. Nbd2 Bb7 10. Re1 b5 11. Bd3 c4 12. Bc2 d5 13. g3 Be7 14. h4 Nd7 15. Nf1 Qc7
16. h5 Ndf8 17. hxg6 hxg6 18. N1h2 O-O-O 19. Kg2 f6 20. Ng4 f5 21. Ngh2 Nh7 22.
Qd2 Rdg8 23. Ng5 Nxg5 24. Bxg5 Rh5 25. Nf3 Bxg5 26. Nxg5 Qe7 27. f4 Rgh8 28.
Rh1 R5h6 29. Rh3 Bc6 30. Rah1 Be8 31. R1h2 a5 32. Qe1 Rxh3 33. Rxh3 Rh6 34. Qh1
Rh5 35. Bd1 Rxg5 36. fxg5 Qxg5 37. Qf1 Qd2+ 38. Qe2 Qg5 39. Kf2 Qe7 40. Rh8 Kd7
41. Qd2 g5 42. Ke1 g4 43. Qh2 Qg5 44. Qd2 Qe7 45. Kf2 a4 46. a3 Qd8 47. Be2 Qc7
48. Qc1 Qd8 49. Rh7 Qe7 50. Qh1 Bg6 51. Rh8 Kc7 52. Qh4 1-0

[Event "V. Solinger Karnevals-Open"]
[Site "Solingen"]
[Date "2014.02.28"]
[Round "1.32"]
[White "Barche, Uwe"]
[Black "Heyn, Peter"]
[Result "1/2-1/2"]
[WhiteElo "1168"]
[BlackElo "1886"]
[PlyCount "48"]
[EventDate "2014.??.??"]
[WhiteTeam "SG Solingen e.V."]
[BlackTeam "Düsseldorfer SV 1854"]

1. c4 c5 2. g3 Nc6 3. Nc3 g6 4. Bg2 Bg7 5. Nf3 e6 6. O-O Nge7 7. a3 O-O 8. e3
a6 9. d4 cxd4 10. exd4 d5 11. cxd5 Nxd5 12. Nxd5 exd5 13. h3 Bf5 14. Be3 Be4
15. b4 Rc8 16. Qd2 Qb6 17. Rfd1 Ne7 18. Bh6 Rc2 19. Qf4 Bxh6 20. Qxh6 Bxf3 21.
Bxf3 Qf6 22. Qe3 Rfc8 23. Rd3 R8c6 24. Qe5 Rd6 1/2-1/2

[Event "V. Solinger Karnevals-Open"]
[Site "Solingen"]
[Date "2014.02.28"]
[Round "1.33"]
[White "Vranidis, Athanassios"]
[Black "Kunisch, Nina"]
[Result "1-0"]
[WhiteElo "1883"]
[BlackElo "1121"]
[PlyCount "67"]
[EventDate "2014.??.??"]
[WhiteTeam "SG Solingen e.V."]
[BlackTeam "TV-Großostheim 1900 e.V."]

1. d4 Nf6 2. c4 g6 3. Nc3 Bg7 4. e4 d6 5. Be2 c5 6. d5 O-O 7. Bg5 e6 8. Nf3 Qb6
9. Qd2 exd5 10. exd5 Bf5 11. Bh6 Bxh6 12. Qxh6 Qxb2 13. Rc1 Bc2 14. Qd2 Re8 15.
Rxc2 Qb4 16. O-O Qa5 17. Ne4 Qd8 18. Nxf6+ Qxf6 19. Bd3 Na6 20. Rcc1 Rab8 21.
Rfe1 Rxe1+ 22. Rxe1 Nb4 23. a3 Na6 24. h3 Nc7 25. Qa5 Na6 26. Qd2 Nc7 27. Qh6
Qc3 28. Re3 b5 29. Bxg6 Qf6 30. Bxh7+ Kh8 31. Qxf6+ Kxh7 32. Qxf7+ Kh6 33. Re4
Nxd5 34. Rh4# 1-0

[Event "V. Solinger Karnevals-Open"]
[Site "Solingen"]
[Date "2014.02.28"]
[Round "1.34"]
[White "Muschallik, Sven"]
[Black "Tunka, Josef"]
[Result "0-1"]
[WhiteElo "1099"]
[BlackElo "1852"]
[PlyCount "66"]
[EventDate "2014.??.??"]
[WhiteTeam "SG Solingen e.V."]
[BlackTeam "SV Lingen"]

1. d4 c5 2. Bf4 cxd4 3. Qxd4 Nc6 4. Qd2 Nf6 5. Nf3 d6 6. e3 Qb6 7. b3 g6 8. Bd3
Bg7 9. c4 Nb4 10. Be2 Ne4 11. Qd1 Bxa1 12. Bh6 Bf6 13. O-O Bd7 14. Nbd2 Nxd2
15. Qxd2 Rc8 16. Bg5 Bg7 17. Nd4 Qc5 18. Bf3 Nc6 19. Nxc6 Bxc6 20. Bxc6+ bxc6
21. Bf4 O-O 22. Rd1 d5 23. cxd5 cxd5 24. h3 e6 25. e4 Rfd8 26. Be3 d4 27. Bg5
f6 28. Bh6 Qc2 29. Bxg7 Kxg7 30. Qxc2 Rxc2 31. a4 d3 32. Kf1 Rd4 33. f3 e5 0-1

[Event "V. Solinger Karnevals-Open"]
[Site "Solingen"]
[Date "2014.02.28"]
[Round "1.35"]
[White "Hoffmann, Frank"]
[Black "Cornelißen, Jonas"]
[Result "1/2-1/2"]
[WhiteElo "1843"]
[BlackElo "1008"]
[PlyCount "53"]
[EventDate "2014.??.??"]
[WhiteTeam "SV Springer 70 Hitdorf"]
[BlackTeam "SK Xanten e.V."]

1. f4 d5 2. Nf3 Bg4 3. e3 Nc6 4. b3 f6 5. Bb2 a6 6. Be2 Bxf3 7. Bxf3 e6 8. O-O
Bc5 9. Bg4 d4 10. Qe2 Qd6 11. Kh1 dxe3 12. dxe3 O-O-O 13. Rd1 Qxd1+ 14. Qxd1
Rxd1+ 15. Bxd1 Bxe3 16. g3 Bd4 17. c3 Be3 18. Na3 Nge7 19. Nc2 Bb6 20. Bf3 e5
21. Rd1 exf4 22. gxf4 Rf8 23. c4 g5 24. fxg5 fxg5 25. Bg4+ Kb8 26. Ba3 Rf2 27.
Bxe7 1/2-1/2

[Event "V. Solinger Karnevals-Open"]
[Site "Solingen"]
[Date "2014.03.01"]
[Round "2.1"]
[White "Gorzinski, Dariusz"]
[Black "Mladenov, Svetlin"]
[Result "1/2-1/2"]
[WhiteElo "2018"]
[BlackElo "2471"]
[PlyCount "128"]
[EventDate "2014.??.??"]
[WhiteTeam "Märkischer Springer Halver-Schal"]
[BlackTeam "SV Wattenscheid 1930"]

1. e4 d6 2. d4 Nf6 3. Nc3 e5 4. dxe5 dxe5 5. Qxd8+ Kxd8 6. Bg5 Nbd7 7. Bc4 Ke8
8. Nf3 Bd6 9. O-O-O a6 10. Rhe1 h6 11. Be3 b5 12. Bd5 Nxd5 13. Nxd5 Bb7 14. Nb6
Nxb6 15. Bxb6 a5 16. Be3 f6 17. Nd2 h5 18. h4 Kf7 19. f3 Rhb8 20. Nb3 b4 21.
Nc5 Bc6 22. Nd3 a4 23. Bc5 Ra5 24. Bxd6 cxd6 25. b3 Ke7 26. Nb2 axb3 27. axb3
Ra1+ 28. Kd2 Ra2 29. Nd3 d5 30. exd5 Bxd5 31. Rb1 Kd6 32. Rb2 Raa8 33. Rbb1 Kc6
34. Ra1 Kb5 35. Rxa8 Rxa8 36. Ke3 Bc6 37. Rd1 Ra2 38. Rd2 Ra1 39. Kf2 Be8 40.
Re2 Bg6 41. Rd2 Rh1 42. Kg3 Bf5 43. Nf2 Rf1 44. Nd1 Re1 45. Kf2 Rh1 46. Ne3 Be6
47. Rd6 Bc8 48. Rd8 Bb7 49. Nf5 Kb6 50. Nxg7 e4 51. fxe4 Rc1 52. Rd2 Bxe4 53.
Nxh5 Bxc2 54. Nxf6 Bxb3 55. h5 Bc4 56. Nd5+ Kc5 57. Nxb4 Kxb4 58. g4 Kc5 59.
Kg3 Bd5 60. h6 Be6 61. g5 Rg1+ 62. Kh4 Rh1+ 63. Kg3 Bf5 64. Rh2 Rxh2 1/2-1/2

[Event "V. Solinger Karnevals-Open"]
[Site "Solingen"]
[Date "2014.03.01"]
[Round "2.2"]
[White "Inkiov, Ventzislav"]
[Black "Drose, Daniela"]
[Result "1-0"]
[WhiteElo "2419"]
[BlackElo "1954"]
[PlyCount "49"]
[EventDate "2014.??.??"]
[BlackTeam "Aachener SV 1856 e.V."]

1. d4 Nf6 2. c4 e6 3. Nf3 d5 4. g3 c6 5. Bg2 Be7 6. O-O O-O 7. Nc3 Nbd7 8. Qd3
dxc4 9. Qxc4 Nd5 10. e4 Nxc3 11. bxc3 Qa5 12. Bd2 e5 13. Qb3 exd4 14. cxd4 Qh5
15. h3 Kh8 16. g4 Qg6 17. Rfe1 h5 18. g5 Nb6 19. Nh4 Qe6 20. d5 Qd6 21. Qf3 g6
22. Bf4 Qd8 23. Qg3 Bb4 24. Red1 Bc5 25. Qc3+ 1-0

[Event "V. Solinger Karnevals-Open"]
[Site "Solingen"]
[Date "2014.03.01"]
[Round "2.3"]
[White "Speck, Stefan"]
[Black "Schleining, Zoya"]
[Result "0-1"]
[WhiteElo "2001"]
[BlackElo "2362"]
[PlyCount "114"]
[EventDate "2014.??.??"]
[WhiteTeam "SC Solingen 1928 e.V."]
[BlackTeam "Düsseldorfer SK 14/25 e."]

1. d4 d5 2. c4 e6 3. Nf3 c6 4. g3 f5 5. Bg2 Nf6 6. Qc2 Bd6 7. Nc3 O-O 8. Bf4
Bxf4 9. gxf4 Ne4 10. e3 Bd7 11. Qb3 Qb6 12. Ne5 Be8 13. Nxe4 Qxb3 14. axb3 fxe4
15. Bh3 Rf6 16. Rg1 Na6 17. Kd2 Nc7 18. Rg3 a5 19. c5 Rh6 20. Ng4 Rh4 21. Rag1
Kf8 22. Ne5 g6 23. f3 a4 24. fxe4 dxe4 25. Ra1 axb3 26. Rxa8 Nxa8 27. Kc3 Nc7
28. Kxb3 Ke7 29. Ng4 Nd5 30. Nf2 Nf6 31. Kc3 h6 32. Kd2 Rh5 33. Rg1 g5 34. fxg5
hxg5 35. Rg2 Bg6 36. Bg4 Rh8 37. h3 Nxg4 38. Rxg4 Kf6 39. Rg3 Bf5 40. Ng4+ Bxg4
41. hxg4 Rh2+ 42. Kc3 e5 43. b4 Ke6 44. dxe5 Kxe5 45. Kb3 Kd5 46. Kc3 Rh1 47.
Rg2 Rc1+ 48. Kb3 Re1 49. Rd2+ Ke6 50. Rd6+ Ke5 51. Rd7 Rxe3+ 52. Kc4 Re1 53.
Rxb7 Rc1+ 54. Kb3 e3 55. Re7+ Kf4 56. Kb2 Rc4 57. Kb3 Re4 0-1

[Event "V. Solinger Karnevals-Open"]
[Site "Solingen"]
[Date "2014.03.01"]
[Round "2.4"]
[White "Berg, Michael"]
[Black "Herzum, Peter"]
[Result "1-0"]
[WhiteElo "2303"]
[BlackElo "1945"]
[PlyCount "79"]
[EventDate "2014.??.??"]
[WhiteTeam "SG Solingen e.V."]
[BlackTeam "Düsseldorfer SK 14/25 e."]

1. d4 Nf6 2. c4 e6 3. Nf3 b6 4. g3 Ba6 5. Qc2 Be7 6. Bg2 c6 7. O-O O-O 8. Bg5
d5 9. Nbd2 Nbd7 10. Rac1 c5 11. Rfd1 Qe8 12. e4 dxe4 13. Nxe4 Bb7 14. Bxf6 Nxf6
15. Ne5 Nxe4 16. Bxe4 Bxe4 17. Qxe4 cxd4 18. Rxd4 Rd8 19. Rxd8 Qxd8 20. Nc6 Qc7
21. b4 Rc8 22. b5 a5 23. Rd1 Bc5 24. Rd3 Re8 25. Kg2 g6 26. f4 f6 27. Qf3 Qf7
28. Qe4 Qc7 29. g4 Qf7 30. Qf3 Qg7 31. Qd1 f5 32. Ne5 fxg4 33. Rd8 Rxd8 34.
Qxd8+ Qf8 35. Qxf8+ Kxf8 36. Nxg4 Ke7 37. Kf3 Bg1 38. h3 h5 39. Ne5 Kf6 40. Ke4
{ZÜ} 1-0

[Event "V. Solinger Karnevals-Open"]
[Site "Solingen"]
[Date "2014.03.01"]
[Round "2.5"]
[White "Bigott, Martin"]
[Black "Marcziter, Dmitrii"]
[Result "0-1"]
[WhiteElo "1890"]
[BlackElo "2277"]
[PlyCount "74"]
[EventDate "2014.??.??"]
[WhiteTeam "SF Lohmar 1974 e.V."]
[BlackTeam "DJK Aufwärts St. Josef Aachen 19"]

1. d4 d5 2. Nf3 c5 3. c3 Nc6 4. Bf4 Nf6 5. e3 Qb6 6. Qb3 c4 7. Qxb6 axb6 8. Na3
Na7 9. Nc2 Bf5 10. Rc1 h6 11. h3 e6 12. Be2 Nc6 13. a3 Na5 14. Na1 Be7 15. O-O
O-O 16. Bd1 Ne4 17. Bc2 b5 18. Rfd1 g5 19. Bh2 Nc6 20. Nd2 Rfd8 21. g4 Nxd2 22.
Rxd2 Be4 23. Bd1 Kg7 24. f3 Bg6 25. Bc2 f5 26. Bd1 Rf8 27. Nc2 f4 28. exf4 gxf4
29. Re2 e5 30. dxe5 Bc5+ 31. Kg2 Rae8 32. e6 Rf6 33. Nb4 Nxb4 34. axb4 Be3 35.
Ra1 Rfxe6 36. b3 Bd3 37. Rea2 d4 0-1

[Event "V. Solinger Karnevals-Open"]
[Site "Solingen"]
[Date "2014.03.01"]
[Round "2.6"]
[White "Peters, Alex"]
[Black "Gebben, Alwin"]
[Result "1-0"]
[WhiteElo "2212"]
[BlackElo "1889"]
[PlyCount "93"]
[EventDate "2014.??.??"]
[WhiteTeam "Brühler SK 1920 e.V."]
[BlackTeam "SK Nordhorn-Blanke"]

1. b3 e5 2. e3 Nf6 3. Bb2 Nc6 4. c4 d5 5. cxd5 Nxd5 6. a3 Bd6 7. d3 O-O 8. Nf3
Re8 9. Be2 Bf8 10. O-O f6 11. Nbd2 Be6 12. Qc2 a5 13. Rfd1 Qe7 14. Rac1 Bf7 15.
Ne4 Rad8 16. Nc5 Qxc5 17. Qxc5 Bxc5 18. Rxc5 Nb6 19. Nd2 Rd7 20. Bc3 Rd5 21.
Rxd5 Nxd5 22. Bb2 Nb6 23. Bf3 Bd5 24. Bxd5+ Nxd5 25. Rc1 Rd8 26. Kf1 Rd7 27.
Ke2 Kf8 28. Ne4 Re7 29. Rc5 Nb6 30. Rb5 Nd7 31. Rxb7 Nb6 32. Nc5 Ke8 33. Na6
Kd8 34. Nb8 Re6 35. Nxc6+ Rxc6 36. Rb8+ Ke7 37. Kd2 Rd6 38. Bc3 e4 39. d4 Rd5
40. Rb7 Kd6 41. Ra7 Rb5 42. Kc2 Rf5 43. Be1 a4 44. bxa4 Nc4 45. Kb3 Nb6 46. a5
Rb5+ 47. Bb4+ 1-0

[Event "V. Solinger Karnevals-Open"]
[Site "Solingen"]
[Date "2014.03.01"]
[Round "2.7"]
[White "Vranidis, Athanassios"]
[Black "Pröttel, Swen"]
[Result "1/2-1/2"]
[WhiteElo "1883"]
[BlackElo "2207"]
[PlyCount "63"]
[EventDate "2014.??.??"]
[WhiteTeam "SG Solingen e.V."]
[BlackTeam "OSC Rheinhausen 04 e.V."]

1. d4 f5 2. e4 fxe4 3. Nc3 Nf6 4. Bg5 Nc6 5. d5 Ne5 6. Qe2 Nf7 7. Bxf6 exf6 8.
Nxe4 Qe7 9. d6 cxd6 10. O-O-O f5 11. Nc3 Qxe2 12. Bxe2 Be7 13. Nf3 Kd8 14. Nd5
Bf8 15. Nd4 g6 16. f4 b6 17. Bf3 Rb8 18. Rhe1 Bh6 19. g3 Bb7 20. Re2 Ba6 21.
Re3 Bc4 22. b3 Ba6 23. h4 Bg7 24. Nb4 Bb7 25. Bd5 Bxd5 26. Nxd5 Re8 27. Rxe8+
Kxe8 28. Nb5 Nd8 29. Nxd6+ Kf8 30. Nb5 Nc6 31. Ndc7 Ke7 32. Nd5+ 1/2-1/2

[Event "V. Solinger Karnevals-Open"]
[Site "Solingen"]
[Date "2014.03.01"]
[Round "2.8"]
[White "Tunka, Josef"]
[Black "Heinert, Eugen"]
[Result "0-1"]
[WhiteElo "1852"]
[BlackElo "2169"]
[PlyCount "86"]
[EventDate "2014.??.??"]
[WhiteTeam "SV Lingen"]
[BlackTeam "OSC Rheinhausen 04 e.V."]

1. c4 e6 2. g3 Nf6 3. Bg2 d5 4. b3 Be7 5. Bb2 O-O 6. Nf3 c5 7. O-O Nc6 8. Na3
d4 9. d3 e5 10. Nc2 Bf5 11. Nh4 Bd7 12. e4 Ne8 13. Nf5 Bf6 14. g4 g6 15. Ng3
Ng7 16. h3 Ne6 17. Bc1 Bg5 18. Ne2 Nf4 19. a3 a5 20. Rb1 Qc7 21. Nxf4 Bxf4 22.
Bd2 Ra6 23. Rb2 Rfa8 24. Qe2 Nd8 25. a4 Ne6 26. Rfb1 Kg7 27. Ne1 Rh8 28. Nf3 f6
29. Kf1 h5 30. Ng1 hxg4 31. hxg4 Bxd2 32. Rxd2 Nf4 33. Qf3 Qc8 34. Qg3 Bxg4 35.
f3 Be6 36. Kf2 Rh5 37. Ke1 Qh8 38. Kd1 Rg5 39. Qf2 Rxg2 40. Qxg2 Nxg2 41. Rxg2
Qh5 42. Kc2 Ra8 43. Re1 Rh8 0-1

[Event "V. Solinger Karnevals-Open"]
[Site "Solingen"]
[Date "2014.03.01"]
[Round "2.9"]
[White "Lückerath, Moritz"]
[Black "Naundorf, Maik"]
[Result "0-1"]
[WhiteElo "1700"]
[BlackElo "2130"]
[PlyCount "50"]
[EventDate "2014.??.??"]
[WhiteTeam "Düsseldorfer SK 14/25 e."]
[BlackTeam "SK Königsspringer Iserlo"]

1. e4 c5 2. Nf3 g6 3. d4 cxd4 4. Nxd4 Nc6 5. Nc3 Bg7 6. Be3 Nf6 7. Bc4 Qa5 8.
O-O O-O 9. Bb3 d6 10. h3 Bd7 11. f4 Nxd4 12. Bxd4 Bc6 13. Nd5 Bxd5 14. Bxd5 e6
15. Bxb7 Rab8 16. e5 dxe5 17. fxe5 Nd7 18. Bf3 Nxe5 19. b3 Nxf3+ 20. Rxf3 Rbd8
21. Rd3 Rxd4 22. Rxd4 Qb6 23. c3 e5 24. Rc1 Rd8 25. c4 Rxd4 0-1

[Event "V. Solinger Karnevals-Open"]
[Site "Solingen"]
[Date "2014.03.01"]
[Round "2.10"]
[White "Flesch, Dr. Stefan"]
[Black "Rist, Kurt"]
[Result "1-0"]
[WhiteElo "2106"]
[BlackElo "1680"]
[PlyCount "95"]
[EventDate "2014.??.??"]
[WhiteTeam "Düsseldorfer SK 14/25 e."]
[BlackTeam "SG Solingen e.V."]

1. d4 d5 2. Nf3 c6 3. c4 Nf6 4. cxd5 cxd5 5. Nc3 e6 6. Bf4 Bb4 7. Qb3 Nc6 8. e3
Qa5 9. Bd3 Ne4 10. Rc1 O-O 11. O-O f5 12. Nb1 Bd6 13. Bxd6 Nxd6 14. Rc5 Qd8 15.
Ne5 Ne4 16. Rc2 Qd6 17. f4 Bd7 18. Qxb7 Nxe5 19. dxe5 Qe7 20. Bxe4 fxe4 21. Na3
Qe8 22. Qc7 Qf7 23. Qd6 Rfc8 24. Rfc1 Rxc2 25. Rxc2 Rc8 26. Rxc8+ Bxc8 27. Qd8+
Qf8 28. Qxf8+ Kxf8 29. Nb5 a6 30. Nd4 Bd7 31. Kf2 Ke7 32. Ke1 Kd8 33. Kd2 g6
34. Kc3 Kc7 35. Nb3 Kb6 36. Kd4 a5 37. g4 Bc8 38. Nc5 Kc6 39. Nb3 Kb5 40. f5
gxf5 41. gxf5 exf5 42. Kxd5 Bb7+ 43. Kd6 Kb6 44. e6 f4 45. exf4 Bc6 46. Nd4 Be8
47. f5 e3 48. f6 1-0

[Event "V. Solinger Karnevals-Open"]
[Site "Solingen"]
[Date "2014.03.01"]
[Round "2.11"]
[White "Kolthoff, Siegmund"]
[Black "Härtel, Stephan"]
[Result "1-0"]
[WhiteElo "2087"]
[BlackElo "1926"]
[PlyCount "77"]
[EventDate "2014.??.??"]
[WhiteTeam "Blau-Weiss Buchholz"]
[BlackTeam "SV Turm 25 Bergheim"]

1. c4 Nf6 2. g3 c6 3. Nf3 d5 4. Bg2 g6 5. b3 Bg7 6. Bb2 O-O 7. O-O dxc4 8. bxc4
Qb6 9. Qc2 Na6 10. d3 Nb4 11. Qb3 a5 12. Bc3 Nd7 13. Bxg7 Kxg7 14. Nc3 Qc7 15.
Rab1 e5 16. Qb2 Kg8 17. Rfc1 Re8 18. Qd2 Kg7 19. a3 Na6 20. e3 Qd6 21. d4 e4
22. Ng5 f5 23. Qb2 h6 24. Nh3 Nc7 25. Nf4 Qf6 26. Rd1 Kh7 27. Qc2 Qf7 28. Qe2
Nf6 29. d5 g5 30. Nh3 cxd5 31. cxd5 Ncxd5 32. Nxd5 Nxd5 33. Nxg5+ hxg5 34. Rxd5
Be6 35. Rd4 Bd5 36. Qd1 Bc6 37. Bf1 Rac8 38. Bc4 Qf6 39. Rd6 1-0

[Event "V. Solinger Karnevals-Open"]
[Site "Solingen"]
[Date "2014.03.01"]
[Round "2.12"]
[White "Rofalski, Stefan"]
[Black "Täger, Torsten"]
[Result "1-0"]
[WhiteElo "1823"]
[BlackElo "2068"]
[PlyCount "75"]
[EventDate "2014.??.??"]
[WhiteTeam "Rheydter SV 1920"]
[BlackTeam "SV Lahn Limburg"]

1. d4 d6 2. c4 Nd7 3. Nf3 g6 4. e4 Bg7 5. Nc3 c6 6. g3 Qc7 7. Bg2 Ngf6 8. O-O
O-O 9. Qc2 Re8 10. Rd1 a6 11. a4 b6 12. b4 Bb7 13. Bb2 Rac8 14. a5 c5 15. bxc5
bxc5 16. d5 Rb8 17. Ra2 Bc8 18. Bc1 Ng4 19. Bd2 Nge5 20. Nxe5 Nxe5 21. Na4 Bg4
22. Rc1 Be2 23. Nb6 Bf3 24. Rb1 Be2 25. Rb3 Bh5 26. Bc3 g5 27. f4 gxf4 28. gxf4
Ng4 29. Bxg7 Kxg7 30. Rg3 Kh8 31. Qc3+ Nf6 32. e5 Rxb6 33. axb6 Qxb6 34. exf6
e5 35. Rb2 Qd8 36. fxe5 Rxe5 37. Qd2 Qe8 38. Qh6 1-0

[Event "V. Solinger Karnevals-Open"]
[Site "Solingen"]
[Date "2014.03.01"]
[Round "2.13"]
[White "Klamp, Christoph"]
[Black "Wiedemann, Jan"]
[Result "1/2-1/2"]
[WhiteElo "2064"]
[BlackElo "1611"]
[PlyCount "99"]
[EventDate "2014.??.??"]
[WhiteTeam "SV Schachforum Darmstadt 1994"]
[BlackTeam "SC Heilsbronn 1951 e.V."]

1. Nf3 Nf6 2. c4 e6 3. g3 b6 4. Bg2 Bb7 5. d4 Be7 6. O-O d6 7. Nc3 Nbd7 8. Re1
O-O 9. e4 e5 10. h3 Re8 11. Qc2 a6 12. b3 c6 13. a4 Qc7 14. Bb2 Bf8 15. Rad1
Rad8 16. Re2 g6 17. Ba3 Bg7 18. Red2 Bf8 19. Kh2 Nh5 20. Ne2 Ng7 21. Bb2 Ne6
22. b4 c5 23. bxc5 bxc5 24. dxe5 dxe5 25. Nc3 Nd4 26. Nxd4 cxd4 27. Nd5 Qc6 28.
f4 f6 29. fxe5 fxe5 30. Rf2 Bc5 31. Qb3 Rf8 32. Rdf1 Rxf2 33. Rxf2 Rf8 34.
Rxf8+ Bxf8 35. Bc1 Bc8 36. Bg5 Qe6 37. h4 Qf7 38. Kg1 Bc5 39. Kh2 Qf2 40. Qd1
Kg7 41. h5 d3 42. h6+ Kf7 43. Qf1 Nb6 44. Qxf2+ Bxf2 45. Nxb6 Bxb6 46. Bf1 Bd7
47. Bxd3 Bxa4 48. c5 Bxc5 49. Bc4+ Kf8 50. Bxa6 1/2-1/2

[Event "V. Solinger Karnevals-Open"]
[Site "Solingen"]
[Date "2014.03.01"]
[Round "2.14"]
[White "Lukoviczki, Matyas"]
[Black "Lindam, Ingo"]
[Result "0-1"]
[WhiteElo "1678"]
[BlackElo "2048"]
[PlyCount "86"]
[EventDate "2014.??.??"]
[WhiteTeam "Sportgemeinschaft Kaarst 1912/35"]
[BlackTeam "Kölner SK Dr. Lasker 186"]

1. e4 c5 2. Bc4 e6 3. Nc3 a6 4. a4 Nc6 5. f4 Nf6 6. e5 d5 7. Ba2 Nd7 8. Nf3 b6
9. O-O Be7 10. Ne2 O-O 11. c3 f5 12. d4 c4 13. Bb1 Na5 14. Ng5 Nb8 15. Ng3 Nb3
16. Qh5 Bxg5 17. fxg5 g6 18. Qh6 Nxa1 19. h4 Qe7 20. h5 Qg7 21. hxg6 Qxh6 22.
gxh6 hxg6 23. Bg5 Ra7 24. Ne2 Nb3 25. Nf4 Kh7 26. Kf2 Nd2 27. Rh1 Nxb1 28. Rxb1
b5 29. Bf6 Rxf6 30. exf6 g5 31. Nh5 Kxh6 32. Rh1 Kg6 33. g4 fxg4 34. Ng3 Rh7
35. axb5 Rxh1 36. Nxh1 axb5 37. Ke3 Kxf6 38. Ng3 Nc6 39. Nh5+ Kg6 40. Ng3 Bd7
41. Nf1 Be8 42. Nd2 Kf5 43. b4 e5 0-1

[Event "V. Solinger Karnevals-Open"]
[Site "Solingen"]
[Date "2014.03.01"]
[Round "2.15"]
[White "Schaum, Moritz"]
[Black "Görke, Joachim"]
[Result "1/2-1/2"]
[WhiteElo "1999"]
[BlackElo "2096"]
[PlyCount "81"]
[EventDate "2014.??.??"]
[WhiteTeam "SF Erkelenz 1959 e.V."]
[BlackTeam "SG Solingen e.V."]

1. d4 Nf6 2. c4 c5 3. d5 e6 4. Nc3 exd5 5. cxd5 d6 6. Nf3 g6 7. g3 Bg7 8. Bg2
O-O 9. O-O Na6 10. Nd2 Nc7 11. a4 Bd7 12. Nc4 Nfe8 13. Bf4 Bxc3 14. bxc3 Bxa4
15. Qxa4 b5 16. Qb3 bxc4 17. Qxc4 a6 18. e4 Nb5 19. e5 g5 20. Be3 dxe5 21. Bxc5
Ned6 22. Qe2 Qc7 23. Qxe5 Qxc5 24. Qxg5+ Kh8 25. Qf6+ Kg8 26. Ra4 Rfe8 27. Rg4+
Kf8 28. c4 Qc8 29. Qg7+ Ke7 30. cxb5 axb5 31. Rf4 Qc5 32. Qg5+ Kd7 33. Bh3+ Kc7
34. Rf6 Ra4 35. Qd2 Rea8 36. Qb2 Rc4 37. Bg2 Re8 38. Rf3 b4 39. Rd3 Rc3 40.
Rxc3 bxc3 41. Qc2 1/2-1/2

[Event "V. Solinger Karnevals-Open"]
[Site "Solingen"]
[Date "2014.03.01"]
[Round "2.16"]
[White "Gula, Julian"]
[Black "Richters, Marc"]
[Result "0-1"]
[WhiteElo "1586"]
[BlackElo "2062"]
[PlyCount "84"]
[EventDate "2014.??.??"]
[WhiteTeam "Verein f. Sport u. Freizeit v. 1"]
[BlackTeam "Kettwiger SG 194"]

1. d4 Nf6 2. c4 d6 3. Nf3 g6 4. Nc3 Bg7 5. e4 O-O 6. h3 e5 7. d5 Nh5 8. Bg5 Qe8
9. Nd2 f5 10. g3 h6 11. g4 Nf4 12. Bh4 fxg4 13. hxg4 a6 14. g5 h5 15. f3 c6 16.
Qc2 b5 17. b3 Rf7 18. Ne2 Rc7 19. cxb5 axb5 20. Nxf4 exf4 21. Rc1 Rca7 22. Bxb5
Rxa2 23. Qc4 cxb5 24. Qxc8 Nd7 25. Qc6 Nc5 26. Qxe8+ Rxe8 27. Rd1 Bc3 28. Ke2
Nxb3 29. Be1 Bxd2 30. Bxd2 Nd4+ 31. Kf2 Rc8 32. Rh3 Rcc2 33. Ke1 b4 34. Bxb4
Re2+ 35. Kf1 Rf2+ 36. Kg1 Rxf3 37. Rxf3 Nxf3+ 38. Kf1 Nxg5 39. Bxd6 Nxe4 40.
Be7 f3 41. Bh4 g5 42. Be1 f2 0-1